Statistics for Cities in China that have airports with at least 2 runways

Click here to take the quiz!

General Stats

  • This quiz has been taken 10 times
  • The average score is 16 of 19

Answer Stats

YearCity% Correct
1978Beijing
100%
2016Changsha
100%
2004Guangzhou
100%
1998Hong Kong
100%
2011Shenzhen
100%
2009Chengdu
90%
2010Chongqing
90%
2012Hangzhou
90%
2014Nanjing
90%
2021Qingdao
90%
2005Shanghai
90%
2009Tianjin
90%
2012Xi'an
90%
2012Kunming
80%
2016Wuhan
80%
2020Guiyang
70%
2016Zhengzhou
70%
2021Haikou
50%
2023Lhasa
50%

Score Distribution

Percentile by Number Answered

Percent of People with Each Score

Your Score History

You have not taken this quiz